Gene activity in early development / (Record no. 12457)
[ view plain ]
| 000 -LEADER | |
|---|---|
| fixed length control field | 00844cam a2200265 4500 |
| 001 - CONTROL NUMBER | |
| control field | 12457 |
| 003 - CONTROL NUMBER IDENTIFIER | |
| rucl marc code | BD-RjUL |
| 005 - DATE AND TIME OF LATEST TRANSACTION | |
| control field | 20211208235310.0 |
| 008 - FIXED-LENGTH DATA ELEMENTS--GENERAL INFORMATION | |
| fixed length control field | 140128s19691968nyua b 001 0 eng |
| 035 ## - SYSTEM CONTROL NUMBER | |
| System control number | (BD-RjUL)12506 |
| 040 ## - CATALOGING SOURCE | |
| Original cataloging agency | DLC |
| Transcribing agency | DLC |
| Modifying agency | BD-RjUL |
| Language of cataloging | eng |
| 041 ## - LANGUAGE CODE | |
| Language code of text/sound track or separate title | eng |
| 082 00 - DEWEY DECIMAL CLASSIFICATION NUMBER | |
| Classification number | 574.3 |
| Author mark and year | DAG 1969 |
| 100 1# - MAIN ENTRY--PERSONAL NAME | |
| Personal name | Davidson, Eric H., |
| Dates associated with a name | 1937- |
| 9 (RLIN) | 38753 |
| 245 10 - TITLE STATEMENT | |
| Title | Gene activity in early development / |
| Statement of responsibility, etc. | Eric H. Davidson. |
| 260 ## - PUBLICATION, DISTRIBUTION, ETC. (IMPRINT) | |
| Place of publication, distribution, etc. | New York : |
| Name of publisher, distributor, etc. | Academic Press, |
| Date of publication, distribution, etc. | c1968 [Printing 1969]. |
| 300 ## - PHYSICAL DESCRIPTION | |
| Pagination | xi, 375 p. : |
| Illustrations | illus. ; |
| Size | 24 cm. |
| 500 ## - GENERAL NOTE | |
| General note | Based on a series of lectures delivered to the Graduate Fellows of the Rockefeller University. |
| General note | Includes index. |
| 504 ## - BIBLIOGRAPHY, ETC. NOTE | |
| Bibliography, etc | Bibliography: p. 326-356. |
| 650 #0 - SUBJECT ADDED ENTRY--TOPICAL TERM | |
| Topical term or geographic name as entry element | Developmental genetics. |
| 9 (RLIN) | 37508 |
| 942 ## - ADDED ENTRY ELEMENTS (KOHA) | |
| Source of classification or shelving scheme | Dewey Decimal Classification |
| Koha item type | Books |
| Lost status | Source of classification or shelving scheme | Damaged status | Not for loan | Collection code | Permanent Location | Current Location | Shelving location | Date acquired | Source of acquisition | Cost, normal purchase price | Total Checkouts | Full call number | Date last seen | Copy number | Koha item type |
|---|---|---|---|---|---|---|---|---|---|---|---|---|---|---|---|
| Dewey Decimal Classification | Non-fiction | Central Library, University of Rajshahi | Central Library, University of Rajshahi | 18/06/1975 | Black well | 6.30 | 574.3 DAG 1969 | 28/01/2014 | C-2 | Books | |||||
| Dewey Decimal Classification | Not For Loan | Non-fiction | Central Library, University of Rajshahi | Central Library, University of Rajshahi | Reading Room | 08/06/1975 | Blackwells | 574.3 DAG 1969 | 14/03/2017 | C-1 | Books |